Xây dựng hạ tầng cơ sở nông thôn trong quá trình công nghiệp hóa, hiện đại hóa ở Việt Nam

Những cơ sở của việc xem xét, đánh giá sự phát triển hạ tầng kinh tế - xã hội ở nông thôn, yếu tố phát triển. Tình hình quản lí sử dụng đất 5 theo quy định của Luật đất đai. Tình hình huy động các nguồn lực trong dân để xây dựng hạ ta...

সম্পূর্ণ বিবরণ

সংরক্ষণ করুন:
গ্রন্থ-পঞ্জীর বিবরন
প্রধান লেখক: Đỗ, Hoài Nam
বিন্যাস: গ্রন্থ
ভাষা:Undetermined
প্রকাশিত: Hà Nội Thống kê 2001
বিষয়গুলি:
ট্যাগগুলো: ট্যাগ যুক্ত করুন
কোনো ট্যাগ নেই, প্রথমজন হিসাবে ট্যাগ করুন!
Thư viện lưu trữ: Trung tâm Học liệu Trường Đại học Cần Thơ
LEADER 01248nam a2200229Ia 4500
001 CTU_43562
008 210402s9999 xx 000 0 und d
020 |c 38000 
082 |a 330.9597 
082 |b N104 
100 |a Đỗ, Hoài Nam 
245 0 |a Xây dựng hạ tầng cơ sở nông thôn trong quá trình công nghiệp hóa, hiện đại hóa ở Việt Nam 
245 0 |c Đỗ Hoài Nam, Lê Cao Đoàn 
260 |a Hà Nội 
260 |b Thống kê 
260 |c 2001 
520 |a Những cơ sở của việc xem xét, đánh giá sự phát triển hạ tầng kinh tế - xã hội ở nông thôn, yếu tố phát triển. Tình hình quản lí sử dụng đất 5 theo quy định của Luật đất đai. Tình hình huy động các nguồn lực trong dân để xây dựng hạ tầng kinh tế - xã hội ở nông thôn. Những vấn đề tồn tại, phương thức và giải pháp trong điều kiện hiện nay. 
650 |a Agriculture 
650 |x Economic aspects 
650 |z Vietnam 
904 |i Minh 
980 |a Trung tâm Học liệu Trường Đại học Cần Thơ